000 00514nam a22001577a 4500
999 _c11689
_d11689
008 181219b ||||| |||| 00| 0 eng d
020 _a9715422888
082 _22001
_aDFil 899.211
_bP53
245 _aThe Eagle and the Turtle/
_cDamiana Eugenio [Compiler and editor]
260 _aQuezon City
_bUP Press
_cc2001.
300 _aPage 69;
_c23 cm.
500 _aPhilippine folk literature: the folk tales
650 _aFolklore
_933430
650 _aPhilippine folk literature--Collection
_933431
942 _2ddc
_cDFIL